| 000 | 00511nam a22001811a 4500 | ||
|---|---|---|---|
| 003 | NEGST | ||
| 005 | 20150829020003.0 | ||
| 008 | 030714s 001 0 eng d | ||
| 020 | _a1564764818 | ||
| 100 | 1 | _aHayford, Jack W. | |
| 245 | 1 | 4 |
_aThe power and blessing : _bcelebrating the disciplines of spirit filled / _cJack W. Hayford. |
| 260 |
_aWheaton : _bVictors Books |
||
| 300 | _a237p. | ||
| 590 | _aAccession number: 30871 | ||
| 650 | 0 |
_aSpiritual life _xChristianity. |
|
| 942 | 0 | 0 | _04 |
| 999 |
_c24090 _d24090 |
||